Canada français : la rivière Saguenay (culture générale) - Statistiques

Statistiques générales
  • Ce quiz a été pris 37 fois
  • Le résultat moyen est 7 sur 16
Statistiques - réponses
Questions Réponses % Correct
Province dans laquelle coule la rivière Saguenay. La province de Québec
97%
Fleuve dans l'estuaire duquel se jette la rivière Saguenay. Le Saint-Laurent
97%
Lac dans lequel la rivière Saguenay prend sa source. Le Lac Saint-Jean
94%
Vallée unique érodée par un glacier avançant de la montagne à la mer et qui a été envahie par la mer depuis le retrait de la glace. La rivière Saguenay prend l'aspect de ce type de vallée. Un fjord
72%
Cétacé au pelage blanc dont le poids équivaut à celui de deux vaches. Le parc marin du Saguenay et du [réponse #2] couvre une grande partie de l'habitat essentiel de cet animal dans la région. Le bélouga
53%
Village située à l'embouchure de la rivière Saguenay avec son Grand Hôtel éponyme au toit rouge, de style anglo-normand qui jouit d'une réputation internationale et où l'on trouve l'une des plus anciennes chapelle en bois d'Amérique du Nord. Tadoussac
53%
Explorateur français qui découvrit officiellement la rivière Saguenay au XVIe siècle. Jacques Cartier
44%
Énergie renouvelable exploitée dans la région depuis la fin du XIXe siècle. L'hydroélectricité
38%
Peuple du sud-ouest de la France et du nord de l'Espagne dont les marins sont réputés être les premiers à avoir remonté la rivière Saguenay lors de leurs chasses à la baleine. Probablement ont-ils commercé avec les Amérindiens locaux. Les Basques
31%
Explorateur français qui rencontra en 1603 le chef amérindien montagnais (innu) Anadabijou au cours d'un grand festin dans le village précédent (réponse #5), scellant ainsi une alliance durable avec ce peuple amérindien ainsi qu'avec leurs alliés algonquins et etchemins, entre autres. Samuel de Champlain
31%
Activité sportive très prisée sur la rivière. L'organisateur local propose de très longues excursions. La pratique de cette activité sur la rivière est l'une des plus denses de toute la province. Le kayak de mer
28%
Général corse qui par son blocus continental poussa le Royaume-Uni a développé sa construction navale au Canada, ce qui permit le développement de l'industrie du bois au XIXe siècle notamment dans la région du Saguenay avec les scieries de Chicoutimi. Napoléon Bonaparte
28%
Double champion du monde cycliste français qui lorsqu'il était encore espoir, remporta à Saguenay la deuxième étape de la Coupe des Nations - Ville Saguenay en 2012 (rebaptisé ensuite Grand Prix Cycliste de Saguenay), il termina deuxième du classement général derrière le Kazakh Arman Kamyshev. Julian Alaphilippe
19%
Bateau à voile français centenaire qui remonta la rivière Saguenay jusqu'à la ville de Saguenay où il arriva le 28 juillet 2008, l'année du quadricentenaire de la ville de Québec. Le Belem
19%
Requin, deuxième plus grand poisson au monde après le requin-baleine, dont l'espèce est considérée comme en voie d'extinction. Les eaux du parc cité à la question précédente recèlent plusieurs types de requins dont celui-là. Le requin pèlerin
16%
Chanteur de musique country canadien français dont la chanson "La 175 Nord" sur l'album "Ça pas D'bon sens" (sorti en 2011) évoque la rivière Saguenay :
"Encore 2 - 3 miles à
rouler sur l’highway
La 175 nord jusqu’au
Saguenay, y faut rouler
À soir pour aller swinger"
Irvin Blais
13%
Aucun quiz correspondant
Distribution des résultats
% des personnes avec chaque résultat
Percentile par nombre de réponses
Votre historique - résultats
Vous n’avez pas pris ce quiz